A Comparison of Freight Transport Operations in Tanzania and Indonesia / (Record no. 2096)
[ view plain ]
| 000 -LEADER | |
|---|---|
| fixed length control field | 00380 a2200109 4500 |
| 022 ## - INTERNATIONAL STANDARD SERIAL NUMBER | |
| International Standard Serial Number | 09684107 |
| 082 ## - DEWEY DECIMAL CLASSIFICATION NUMBER | |
| Classification number | 307.12 HIN |
| 100 ## - MAIN ENTRY--PERSONAL NAME | |
| Personal name | Hine. J L |
| 245 ## - TITLE STATEMENT | |
| Title | A Comparison of Freight Transport Operations in Tanzania and Indonesia / |
| Statement of responsibility, etc. | J L Hine, J H Ebden, P Swan |
| 260 ## - PUBLICATION, DISTRIBUTION, ETC. | |
| Place of publication, distribution, etc. | England : |
| Name of publisher, distributor, etc. | Transport Research Foundation Group of Companies, |
| Date of publication, distribution, etc. | 1997 |
| 300 ## - PHYSICAL DESCRIPTION | |
| Extent | 27p. : |
| Other physical details | ill. ; |
| Dimensions | 30 cm |
| 650 ## - SUBJECT ADDED ENTRY--TOPICAL TERM | |
| Topical term or geographic name entry element | Transport Operations |
| Withdrawn status | Lost status | Damaged status | Not for loan | Permanent Location | Current Location | Shelving location | Date acquired | Total Checkouts | Full call number | Barcode | Date last seen | Price effective from | Koha item type |
|---|---|---|---|---|---|---|---|---|---|---|---|---|---|
| School of Civil and Environmental Engineering (SCEE) | School of Civil and Environmental Engineering (SCEE) | 307.12 HIN | NIT-2259 | 01/05/2017 | 01/05/2017 | Book |
